[Event "25. Torneo San Viator 2015"]
[Site "Madrid ESP"]
[Date "2015.11.08"]
[Round "7.15"]
[White "Del Noval Nemeshazi, Nesztor"]
[Black "Cano Mercado, Francisco Manuel"]
[Result "1-0"]
[WhiteElo "1810"]
[BlackElo "1885"]
[PlyCount "129"]
[EventDate "2015.10.04"]
[EventType "swiss"]
[EventRounds "9"]
[EventCountry "ESP"]
[Source "lmi"]
[SourceDate "2015.10.04"]

1. e4 c6 2. d4 d5 3. exd5 cxd5 4. c4 Nf6 5. Nc3 e6 6. Nf3 Nc6 7. cxd5 exd5 8.
Bd3 Be7 9. O-O O-O 10. a3 Bg4 11. Be3 Rc8 12. h3 Bh5 13. Bf5 Rb8 14. Rc1 a6 15.
g4 Bg6 16. Bxg6 fxg6 17. Ne5 Ne4 18. Nxc6 bxc6 19. Nxe4 dxe4 20. Rxc6 Rxb2 21.
Rxa6 Rf3 22. Qc1 Qb8 23. Qc6 $4 Qb7 24. Ra8+ Bf8 25. Qxb7 Rxb7 26. Re8 Rb2 27.
Rxe4 Bxa3 28. Kg2 Rf8 29. Bc1 Ra2 30. Bxa3 Rxa3 31. Re3 Ra4 32. Rd1 Rd8 33.
Red3 Rd5 34. Kf3 Kf7 35. Ke4 Ke6 36. Rb1 Rd6 37. Rb7 Kf6 38. f4 h6 39. h4 Ra5
40. Rc3 Ra4 41. g5+ Ke6 42. Rd3 Rd7 43. Rxd7 Kxd7 44. gxh6 gxh6 45. Rg3 Ra6 46.
Ke5 Ke7 47. d5 Rf6 48. Ra3 Rf5+ 49. Ke4 Rh5 50. Ra7+ Kd6 51. Ra6+ Ke7 52. Rxg6
Rxh4 53. d6+ Kd7 54. Ke5 Rh1 55. Rg7+ Kd8 56. f5 Re1+ 57. Kf6 Rd1 58. d7 Rd6+
59. Kf7 Rxd7+ 60. Kg6 Rd6+ 61. f6 h5 62. Rh7 Rd5 63. Rxh5 Rxh5 64. Kxh5 Ke8 65.
Kg6 1-0

[Event "25. Torneo San Viator 2015"]
[Site "Madrid ESP"]
[Date "2015.11.08"]
[Round "7.16"]
[White "Linares Leyva, David"]
[Black "Soto Martin, Miguel"]
[Result "0-1"]
[WhiteElo "1773"]
[BlackElo "1881"]
[PlyCount "67"]
[EventDate "2015.10.04"]
[EventType "swiss"]
[EventRounds "9"]
[EventCountry "ESP"]
[Source "lmi"]
[SourceDate "2015.10.04"]

1. Nf3 Nf6 2. c4 d6 3. d4 g6 4. g3 Bg7 5. Bg2 O-O 6. O-O Nbd7 7. Nc3 c6 8. e4
e5 9. h3 Re8 10. dxe5 dxe5 11. Be3 Qe7 12. Qc2 Qb4 13. b3 a5 14. a3 Qe7 15.
Rfd1 Nc5 16. b4 axb4 17. axb4 Rxa1 18. Rxa1 Na6 19. b5 cxb5 20. Nxb5 Bd7 21.
Rb1 Bc6 22. Nd2 Rd8 23. Nc3 Bf8 24. Nd5 Qe6 25. Nb3 Rc8 26. Qe2 Nd7 27. Qf3 f5
28. Na5 fxe4 29. Qxe4 Nac5 30. Qh4 Ra8 31. Nc7 Qf5 32. Ra1 Re8 33. Nd5 Ra8 34.
Be4 0-1

[Event "25. Torneo San Viator 2015"]
[Site "Madrid ESP"]
[Date "2015.11.08"]
[Round "7.17"]
[White "Rodriguez Romero, Martin"]
[Black "Clavero Alarcon, Jose Miguel"]
[Result "0-1"]
[WhiteElo "1651"]
[BlackElo "1873"]
[PlyCount "52"]
[EventDate "2015.10.04"]
[EventType "swiss"]
[EventRounds "9"]
[EventCountry "ESP"]
[Source "lmi"]
[SourceDate "2015.10.04"]

1. e4 e6 2. d4 d5 3. Nc3 Nf6 4. Bg5 Be7 5. e5 Nfd7 6. Bxe7 Qxe7 7. f4 a6 8. Nf3
Nb6 9. Qd2 Bd7 10. O-O-O Bb5 11. Nxb5 axb5 12. Kb1 Nc4 13. Bxc4 bxc4 14. g4 Nc6
15. f5 b5 16. Rhf1 b4 17. f6 gxf6 18. exf6 Qd6 19. Ne5 Nxe5 20. dxe5 Qb6 21.
Rf3 c6 22. Qe1 Kd7 23. b3 Rxa2 24. Rxd5+ exd5 25. e6+ fxe6 26. f7 Rha8 0-1

[Event "25. Torneo San Viator 2015"]
[Site "Madrid ESP"]
[Date "2015.11.08"]
[Round "7.18"]
[White "Fernandez Garcia, Emilio"]
[Black "Gil Sierra, Jacinto"]
[Result "0-1"]
[WhiteElo "1686"]
[BlackElo "1965"]
[PlyCount "54"]
[EventDate "2015.10.04"]
[EventType "swiss"]
[EventRounds "9"]
[EventCountry "ESP"]
[Source "lmi"]
[SourceDate "2015.10.04"]

1. Nf3 d5 2. c4 d4 3. e3 Nc6 4. g3 e5 5. Bg2 dxe3 6. fxe3 e4 7. Ng1 Nf6 8. a3
Ne5 9. Ne2 Nd3+ 10. Kf1 Bg4 11. Nbc3 Qd7 12. h3 Bxe2+ 13. Qxe2 Qf5+ 14. Kg1
O-O-O 15. Kh2 Bd6 16. Bf1 c6 17. Qg2 Nf2 18. Rg1 Nh5 19. Ne2 g5 20. Rb1 Be5 21.
b4 Nd3 22. Kh1 Nf6 23. b5 h5 24. bxc6 bxc6 25. a4 Nf2+ 26. Kh2 N6g4+ 27. hxg4
hxg4+ 0-1

[Event "25. Torneo San Viator 2015"]
[Site "Madrid ESP"]
[Date "2015.11.08"]
[Round "7.19"]
[White "Castro Morell, Daniel Eduardo"]
[Black "Escribano Serrano, Pedro"]
[Result "1-0"]
[WhiteElo "1858"]
[BlackElo "1802"]
[PlyCount "61"]
[EventDate "2015.10.04"]
[EventType "swiss"]
[EventRounds "9"]
[EventCountry "ESP"]
[Source "lmi"]
[SourceDate "2015.10.04"]

1. d4 d5 2. Nf3 Nf6 3. c4 c6 4. e3 e6 5. Bd3 Bd6 6. Nc3 Nbd7 7. O-O O-O 8. cxd5
cxd5 9. b3 e5 10. Nb5 Bb8 11. dxe5 Nxe5 12. Bb2 Nxd3 13. Qxd3 a6 14. Nbd4 Ne4
15. Rac1 Qb6 16. Rc2 Bd7 17. Rfc1 Qg6 18. g3 Qh5 19. Nh4 Bd6 20. f3 Nf6 21.
Ndf5 Bb8 22. Bxf6 gxf6 23. Qxd5 Bxf5 24. Nxf5 Qh3 25. Rc8 Ba7 26. Rxa8 Rxa8 27.
Rc7 Rf8 28. Rxb7 Bb8 29. Rb4 Rc8 30. Rc4 Re8 31. Rh4 1-0

[Event "25. Torneo San Viator 2015"]
[Site "Madrid ESP"]
[Date "2015.11.08"]
[Round "7.20"]
[White "Jimenez Gonzalez, Marcos"]
[Black "Campos Tores, Jose Luis"]
[Result "1/2-1/2"]
[WhiteElo "1849"]
[BlackElo "1788"]
[PlyCount "69"]
[EventDate "2015.10.04"]
[EventType "swiss"]
[EventRounds "9"]
[EventCountry "ESP"]
[Source "lmi"]
[SourceDate "2015.10.04"]

1. e4 c5 2. Nf3 g6 3. d4 cxd4 4. Nxd4 Bg7 5. c4 Nc6 6. Be3 Nf6 7. Nc3 O-O 8.
Be2 d6 9. O-O Bd7 10. Qd2 Nxd4 11. Bxd4 Bc6 12. f3 a5 13. Rac1 Nd7 14. Bxg7
Kxg7 15. Qe3 a4 16. Rfd1 Qb6 17. Qxb6 Nxb6 18. Nd5 Bxd5 19. cxd5 Rfc8 20. Bb5
Ra5 21. Rxc8 Nxc8 22. Bc4 Rc5 23. Bd3 Nb6 24. Kf2 Nd7 25. Ke3 b5 26. f4 f6 27.
a3 Nb6 28. Rd2 f5 29. exf5 Nxd5+ 30. Kf3 gxf5 31. Bxf5 Nb6 32. Be6 Kf6 33. Bg8
h6 34. g4 d5 35. Re2 1/2-1/2

[Event "25. Torneo San Viator 2015"]
[Site "Madrid ESP"]
[Date "2015.11.08"]
[Round "7.21"]
[White "Guillo Longares, Cecilia"]
[Black "Blanco Diez, David"]
[Result "1/2-1/2"]
[WhiteElo "1809"]
[BlackElo "1719"]
[PlyCount "108"]
[EventDate "2015.10.04"]
[EventType "swiss"]
[EventRounds "9"]
[EventCountry "ESP"]
[Source "lmi"]
[SourceDate "2015.10.04"]

1. d4 d5 2. c4 c6 3. Nc3 Nf6 4. Nf3 e6 5. Bg5 h6 6. Bh4 dxc4 7. a4 Bb4 8. e3 b5
9. axb5 cxb5 10. Nd2 Bxc3 11. bxc3 Bb7 12. Qb1 Bc6 13. e4 Nbd7 14. Ra6 Qc8 15.
Ra1 Qb7 16. f3 O-O 17. Be2 a5 18. O-O Rfc8 19. Qb2 Ne8 20. Rfb1 Nb6 21. Bxc4
Nxc4 22. Nxc4 Bxe4 23. Nxa5 Rxa5 24. Rxa5 Bxb1 25. Rxb5 Qc7 26. Rc5 Qb8 27. Rb5
Qc7 28. Rc5 Rb8 29. Rb5 Rxb5 30. Qxb5 Qxc3 31. Qxe8+ Kh7 32. h3 Qxd4+ 33. Bf2
Qd1+ 34. Kh2 Qd2 35. Qb5 Bd3 36. Qc5 Qf4+ 37. Bg3 Qd2 38. Bf2 Qg5 39. Qxg5 hxg5
40. Be3 Kg6 41. Kg1 f5 42. Bd4 Kh6 43. Kf2 f4 44. Be5 g6 45. Bf6 Kh5 46. Be5
Kh4 47. Bd4 Bf5 48. Bf6 Kh5 49. Be5 Kh6 50. Bf6 Bd3 51. Ke1 g4 52. hxg4 g5 53.
Kf2 Kg6 54. Bd4 Kf7 1/2-1/2

[Event "25. Torneo San Viator 2015"]
[Site "Madrid ESP"]
[Date "2015.11.08"]
[Round "7.22"]
[White "Gil Calvente, Jose Antonio"]
[Black "Luque Ibanez, Manuel"]
[Result "1/2-1/2"]
[WhiteElo "1723"]
[BlackElo "2008"]
[PlyCount "79"]
[EventDate "2015.10.04"]
[EventType "swiss"]
[EventRounds "9"]
[EventCountry "ESP"]
[Source "lmi"]
[SourceDate "2015.10.04"]

1. d4 e6 2. Nf3 c5 3. e3 Nf6 4. Bd3 d5 5. b3 Be7 6. O-O O-O 7. Bb2 Nc6 8. Nbd2
Nb4 9. Be2 b6 10. Ne5 Bb7 11. a3 Nc6 12. f4 Rc8 13. Bd3 Nxe5 14. fxe5 Ne4 15.
Nxe4 dxe4 16. Bc4 Bg5 17. Qe2 Qc7 18. a4 cxd4 19. Bxd4 Bd5 20. Bxd5 exd5 21.
Rf2 Be7 22. Raf1 Bc5 23. Qb5 Qc6 24. Qa6 Rc7 25. Rd1 Bxd4 26. exd4 Qc3 27. Qb5
Rfc8 28. Kf1 Qe3 29. c4 Qh6 30. g3 Qh3+ 31. Ke1 Qh6 32. cxd5 Rc1 33. d6 R8c6
34. Qe2 Rxd1+ 35. Qxd1 Qe3+ 36. Re2 Qg1+ 37. Kd2 Qxd4+ 38. Ke1 Qg1+ 39. Kd2
Qd4+ 40. Ke1 1/2-1/2

[Event "25. Torneo San Viator 2015"]
[Site "Madrid ESP"]
[Date "2015.11.08"]
[Round "7.23"]
[White "Fernandez Rios, Jose Francisco"]
[Black "Alonso Penalver, Angel"]
[Result "0-1"]
[WhiteElo "1756"]
[BlackElo "1676"]
[PlyCount "58"]
[EventDate "2015.10.04"]
[EventType "swiss"]
[EventRounds "9"]
[EventCountry "ESP"]
[Source "lmi"]
[SourceDate "2015.10.04"]

1. d4 d5 2. c4 e6 3. Nf3 a6 4. Bg5 Nf6 5. e3 dxc4 6. Bxc4 b5 7. Bd3 Bb7 8. Qc2
h6 9. Bxf6 gxf6 10. Nbd2 Be7 11. Rc1 c6 12. Ne4 Rg8 13. Rg1 Qa5+ 14. Nc3 Nd7
15. Ke2 Rc8 16. a3 Qb6 17. b4 f5 18. g3 Bd6 19. Nd2 a5 20. Qb2 axb4 21. axb4
Ke7 22. Ra1 Ra8 23. Rac1 Nf6 24. Kf1 h5 25. h4 Ng4 26. Ne2 Ra4 27. Nc3 Rxb4 28.
Qc2 Bxg3 29. Nxb5 cxb5 0-1

[Event "25. Torneo San Viator 2015"]
[Site "Madrid ESP"]
[Date "2015.11.08"]
[Round "7.24"]
[White "Barranco Martinez, Gabriel"]
[Black "Quijano Cabrera, Adelardo"]
[Result "1/2-1/2"]
[WhiteElo "1752"]
[BlackElo "1651"]
[PlyCount "90"]
[EventDate "2015.10.04"]
[EventType "swiss"]
[EventRounds "9"]
[EventCountry "ESP"]
[Source "lmi"]
[SourceDate "2015.10.04"]

1. d4 Nf6 2. Nf3 g6 3. Bg5 Bg7 4. e3 O-O 5. Nbd2 c5 6. Bxf6 Bxf6 7. Ne4 Qa5+ 8.
c3 cxd4 9. Nxf6+ exf6 10. Qxd4 Kg7 11. b4 Qa3 12. Bc4 Nc6 13. Qd2 a5 14. b5 Ne5
15. Nxe5 fxe5 16. O-O Qc5 17. Qd3 d6 18. Rad1 Bf5 19. e4 Bg4 20. Rc1 Rac8 21.
Bd5 Rc7 22. h3 Be6 23. Rfd1 Bxd5 24. Qxd5 Qxd5 25. Rxd5 Rc5 26. Rxc5 dxc5 27.
Rd1 Re8 28. b6 Re6 29. Rd5 Kf6 30. Rxc5 Rxb6 31. Rxa5 Rb1+ 32. Kh2 Rc1 33. Ra3
Rc2 34. Kg3 g5 35. Rb3 Rxa2 36. Rxb7 Rc2 37. Rb6+ Kg7 38. Rc6 h5 39. c4 Rc3+
40. f3 Rc2 41. h4 gxh4+ 42. Kxh4 Rxg2 43. Kxh5 Rg3 44. Rc5 Rxf3 45. Rxe5 Kf6
1/2-1/2

[Event "25. Torneo San Viator 2015"]
[Site "Madrid ESP"]
[Date "2015.11.08"]
[Round "7.25"]
[White "Sirera Ripoll, Jose Luis"]
[Black "De La Torre Palomino, Luis"]
[Result "1-0"]
[WhiteElo "1749"]
[BlackElo "1603"]
[PlyCount "71"]
[EventDate "2015.10.04"]
[EventType "swiss"]
[EventRounds "9"]
[EventCountry "ESP"]
[Source "lmi"]
[SourceDate "2015.10.04"]

1. e4 d5 2. exd5 Qxd5 3. Nf3 Bg4 4. Be2 Nf6 5. d4 e6 6. O-O Be7 7. c4 Qd8 8.
Nc3 c6 9. Bf4 O-O 10. Qb3 Qb6 11. Na4 Qxb3 12. axb3 Nbd7 13. h3 Bh5 14. Nc3 Nb6
15. Ra5 Bg6 16. Rfa1 a6 17. Ne5 Bc2 18. Bd1 Bxd1 19. Rxd1 h6 20. Be3 Bb4 21.
Raa1 Nc8 22. Nd3 Bd6 23. b4 Ne7 24. Nc5 b5 25. b3 Bxc5 26. dxc5 bxc4 27. bxc4
Rfb8 28. Ra4 e5 29. Rda1 Nf5 30. b5 cxb5 31. cxb5 Nxe3 32. fxe3 Nd7 33. Rxa6
Rxa6 34. bxa6 Nxc5 35. a7 Ra8 36. Nd5 1-0

[Event "25. Torneo San Viator 2015"]
[Site "Madrid ESP"]
[Date "2015.11.08"]
[Round "7.27"]
[White "Ingunza Curro, Andres"]
[Black "Alonso Lazaro, Adrian"]
[Result "1-0"]
[WhiteElo "1459"]
[BlackElo "1624"]
[PlyCount "85"]
[EventDate "2015.10.04"]
[EventType "swiss"]
[EventRounds "9"]
[EventCountry "ESP"]
[Source "lmi"]
[SourceDate "2015.10.04"]

1. e4 e5 2. Nf3 d6 3. d4 Nc6 4. dxe5 Nxe5 5. Nxe5 dxe5 6. Qxd8+ Kxd8 7. Nc3 Be6
8. Be3 c6 9. Bd3 Bd6 10. Rd1 Kc7 11. a3 f6 12. b4 b5 13. Bxb5 a5 14. bxa5 Bxa3
15. Bb6+ Kb7 16. Be2 Bb4 17. Rd3 f5 18. O-O Nf6 19. Rb1 Bxc3 20. Rxc3 Nxe4 21.
a6+ Kc8 22. Rxc6+ Kd7 23. Rc7+ Ke8 24. a7 Bd7 25. Ba5 Ke7 26. f3 Nf6 27. Bb4+
Kf7 28. Bc5 Kg6 29. Ba6 Bc8 30. Bxc8 Nd5 31. Rc6+ Kg5 32. Bb7 Nc3 33. Be7+ Kh5
34. Rxc3 Rxa7 35. g4+ Kh6 36. Rc6+ g6 37. gxf5 Rb8 38. Rcb6 Ra2 39. fxg6 Rxc2
40. gxh7+ Kh5 41. Be4 Rxb6 42. h8=Q+ Rh6 43. Qxe5# 1-0

[Event "25. Torneo San Viator 2015"]
[Site "Madrid ESP"]
[Date "2015.11.08"]
[Round "7.28"]
[White "Garcia Sanjuan, Jose"]
[Black "Miguens Mata, Jose L"]
[Result "1-0"]
[WhiteElo "1850"]
[BlackElo "1526"]
[PlyCount "95"]
[EventDate "2015.10.04"]
[EventType "swiss"]
[EventRounds "9"]
[EventCountry "ESP"]
[Source "lmi"]
[SourceDate "2015.10.04"]

1. Nf3 d5 2. b3 Nf6 3. Bb2 Bf5 4. e3 a6 5. d3 Nc6 6. Nbd2 e6 7. h3 Bg6 8. g4 h6
9. Bg2 Be7 10. Ne5 Nxe5 11. Bxe5 Bd6 12. Nf3 Rg8 13. a3 Qe7 14. Bb2 e5 15. Nh4
Bh7 16. Nf5 Bxf5 17. gxf5 Qd7 18. e4 dxe4 19. dxe4 O-O-O 20. Qe2 Qc6 21. O-O-O
Rge8 22. b4 Rd7 23. Bf3 Nh7 24. h4 Red8 25. Qe3 Kb8 26. Be2 Nf6 27. Bf3 Nh7 28.
Rhg1 f6 29. Be2 Rg8 30. f3 Rdd8 31. Qb3 Qb6 32. Bc4 Rh8 33. Rxg7 Qf2 34. b5
axb5 35. Bxb5 Qb6 36. a4 c6 37. Bc4 Qxb3 38. Bxb3 Bc7 39. Rxd8+ Bxd8 40. Ba3
Nf8 41. Rf7 Nh7 42. Bd6+ Ka7 43. Kd2 Bb6 44. Ke2 Bd8 45. Bc5+ Kb8 46. Rg7 Nf8
47. Bxf8 Rxf8 48. Rh7 1-0

[Event "25. Torneo San Viator 2015"]
[Site "Madrid ESP"]
[Date "2015.11.15"]
[Round "8.1"]
[White "Cervino Rossel, Cristobal"]
[Black "Renteria, Jorge"]
[Result "0-1"]
[WhiteElo "2114"]
[BlackElo "2244"]
[PlyCount "80"]
[EventDate "2015.10.04"]
[EventType "swiss"]
[EventRounds "9"]
[EventCountry "ESP"]
[Source "lmi"]
[SourceDate "2015.10.04"]

1. d4 Nf6 2. Nf3 c5 3. d5 b5 4. Bg5 Qb6 5. c3 g6 6. Bxf6 exf6 7. e4 Bg7 8. Bd3
O-O 9. O-O d6 10. Nbd2 Bg4 11. h3 Bxf3 12. Nxf3 Nd7 13. Qc2 c4 14. Be2 Rfe8 15.
Rfe1 Nc5 16. Bf1 Re7 17. b3 cxb3 18. axb3 b4 19. Nd4 bxc3 20. Nc6 Rc7 21. b4
Nd7 22. Ra6 Qb7 23. Rea1 f5 24. Rxa7 Rxa7 25. Rxa7 Qxa7 26. Nxa7 Rxa7 27. exf5
Ra1 28. fxg6 hxg6 29. g3 Nb6 30. Kg2 Nxd5 31. Bc4 Nxb4 32. Qxg6 d5 33. Bxd5
Nxd5 34. Qg5 Nf6 35. Qc5 Nh7 36. Qc8+ Nf8 37. h4 Rc1 38. Kf3 c2 39. g4 Bd4 40.
h5 Rf1 0-1

[Event "25. Torneo San Viator 2015"]
[Site "Madrid ESP"]
[Date "2015.11.15"]
[Round "8.2"]
[White "Vallejo Nuno, Jorge"]
[Black "Andalon Gomez, Carlos J"]
[Result "1-0"]
[WhiteElo "2087"]
[BlackElo "1963"]
[PlyCount "43"]
[EventDate "2015.10.04"]
[EventType "swiss"]
[EventRounds "9"]
[EventCountry "ESP"]
[Source "lmi"]
[SourceDate "2015.10.04"]

1. e4 e6 2. Qe2 c5 3. Nf3 Nc6 4. c3 d5 5. d3 g6 6. g3 Bg7 7. Bg2 Nge7 8. O-O
O-O 9. e5 b5 10. Re1 Rb8 11. Nbd2 b4 12. c4 a5 13. Nb3 a4 14. Nxc5 Qa5 15. cxd5
exd5 16. d4 Nxd4 17. Nxd4 Qxc5 18. Be3 Qc4 19. f4 Ba6 20. Qd1 b3 21. axb3 axb3
22. Bf1 1-0

[Event "25. Torneo San Viator 2015"]
[Site "Madrid ESP"]
[Date "2015.11.15"]
[Round "8.3"]
[White "Camarero Izquierdo, Juan Carlo"]
[Black "Unciti Juan, Javier"]
[Result "0-1"]
[WhiteElo "1890"]
[BlackElo "2050"]
[PlyCount "62"]
[EventDate "2015.10.04"]
[EventType "swiss"]
[EventRounds "9"]
[EventCountry "ESP"]
[Source "lmi"]
[SourceDate "2015.10.04"]

1. d4 e6 2. Nc3 d5 3. e4 Bb4 4. e5 Ne7 5. Bd3 c5 6. Qg4 Qc7 7. Nf3 cxd4 8. Qxd4
Nbc6 9. Qf4 Ng6 10. Bxg6 hxg6 11. O-O a6 12. a3 Be7 13. Qg3 Bd7 14. Be3 O-O-O
15. Na4 d4 16. Bg5 f6 17. Bd2 b5 18. Nc3 dxc3 19. Bxc3 g5 20. Rfe1 Rh5 21. Bb4
Rdh8 22. Rad1 Nxb4 23. axb4 f5 24. Rd4 Bc6 25. Kf1 g4 26. Rxg4 fxg4 27. Qxg4
Bxf3 28. Qxf3 Qc4+ 29. Kg1 Qd5 30. Qc3+ Kb7 31. h3 Rg5 0-1

[Event "25. Torneo San Viator 2015"]
[Site "Madrid ESP"]
[Date "2015.11.15"]
[Round "8.4"]
[White "Torres Samper, Rafael"]
[Black "Lobato Rivero, Carlos"]
[Result "1/2-1/2"]
[WhiteElo "1974"]
[BlackElo "1992"]
[PlyCount "53"]
[EventDate "2015.10.04"]
[EventType "swiss"]
[EventRounds "9"]
[EventCountry "ESP"]
[Source "lmi"]
[SourceDate "2015.10.04"]

1. e4 c5 2. Nf3 g6 3. d4 cxd4 4. Nxd4 Bg7 5. Nc3 Nc6 6. Be3 Nf6 7. Nb3 d6 8. f3
Be6 9. Nd4 Nxd4 10. Bxd4 O-O 11. Qd2 Qa5 12. Nb5 Qxd2+ 13. Kxd2 Bd7 14. c3 a6
15. Bxf6 Bxf6 16. Nc7 Bg5+ 17. Kc2 Rac8 18. Nd5 e6 19. Nb6 Rcd8 20. Nxd7 Rxd7
21. Bc4 d5 22. exd5 exd5 23. Rad1 Rfd8 24. Bb3 d4 25. Rxd4 Rxd4 26. cxd4 Rxd4
27. Rd1 1/2-1/2

[Event "25. Torneo San Viator 2015"]
[Site "Madrid ESP"]
[Date "2015.11.15"]
[Round "8.5"]
[White "Sotoca Aguado, Jose"]
[Black "Cabanas Bravo, Juan Andres"]
[Result "1/2-1/2"]
[WhiteElo "1946"]
[BlackElo "2042"]
[PlyCount "143"]
[EventDate "2015.10.04"]
[EventType "swiss"]
[EventRounds "9"]
[EventCountry "ESP"]
[Source "lmi"]
[SourceDate "2015.10.04"]

1. e4 d5 2. exd5 Nf6 3. d4 Bg4 4. Be2 Bxe2 5. Qxe2 Qxd5 6. Nf3 Nc6 7. c4 Qf5 8.
Bd2 e6 9. O-O O-O-O 10. Bc3 Qh5 11. Nbd2 Bd6 12. Rfe1 Rhg8 13. Nf1 g5 14. Ne5
Bxe5 15. dxe5 Qxe2 16. Rxe2 Ng4 17. f3 Nh6 18. Ng3 Nd4 19. Rd2 Nhf5 20. Kf2 g4
21. Rad1 Nc6 22. Rxd8+ Nxd8 23. Rd3 Nh4 24. Rd4 Nc6 25. Re4 Rg5 26. b4 a6 27.
a4 Kd7 28. b5 axb5 29. axb5 Ne7 30. fxg4 Nc8 31. Nh5 f5 32. exf6 Nd6 33. Rd4 c5
34. bxc6+ Kxc6 35. Bb4 Nf7 36. g3 Ng6 37. h4 Re5 38. Nf4 Nh6 39. Rd6+ Kc7 40.
Nxe6+ Kb8 41. Bc5 b5 42. Bd4 Nxg4+ 43. Kf3 Nh2+ 44. Kg2 Re2+ 45. Kh1 Nf3 46.
Bg1 Re1 47. Kg2 Nxg1 48. cxb5 Rc1 49. h5 Ne5 50. Nf8 Ngf3 51. Kf2 Rc2+ 52. Kf1
Ng4 53. Nd7+ Kb7 54. Rb6+ Kc7 55. Rc6+ Rxc6 56. bxc6 Ng5 57. Nf8 h6 58. f7 Kxc6
59. Ke2 Kd6 60. Ng6 Nxf7 61. Kf3 Nf6 62. g4 Ne5+ 63. Kf4 Nexg4 64. Kf5 Kd7 65.
Nf4 Ke7 66. Kg6 Kd6 67. Kf5 Kc5 68. Ng6 Kd4 69. Ne7 Ke3 70. Kg6 Kf4 71. Nf5
Nxh5 72. Nxh6 1/2-1/2

[Event "25. Torneo San Viator 2015"]
[Site "Madrid ESP"]
[Date "2015.11.15"]
[Round "8.6"]
[White "Rodriguez Bittar, Karim Javier"]
[Black "Aguilera Lopez, Alejandro"]
[Result "1/2-1/2"]
[WhiteElo "1835"]
[BlackElo "1987"]
[PlyCount "59"]
[EventDate "2015.10.04"]
[EventType "swiss"]
[EventRounds "9"]
[EventCountry "ESP"]
[Source "lmi"]
[SourceDate "2015.10.04"]

1. e4 c5 2. Nc3 Nc6 3. g3 g6 4. Bg2 Bg7 5. Nge2 e6 6. O-O Nge7 7. d3 O-O 8. Be3
Nd4 9. Qd2 Re8 10. Nd1 d5 11. Nxd4 cxd4 12. Bh6 Bh8 13. f4 dxe4 14. dxe4 Qb6
15. Kh1 Bd7 16. c3 Bb5 17. Re1 Red8 18. cxd4 Rxd4 19. Qe3 Qd8 20. Nc3 Rd3 21.
Qc5 Ba6 22. Rad1 Bd4 23. Qa3 Nc6 24. Rxd3 Bxd3 25. Rd1 Ba6 26. e5 Qb6 27. h4
Rd8 28. Kh2 Qb4 29. Qxb4 Nxb4 30. Bg5 1/2-1/2

[Event "25. Torneo San Viator 2015"]
[Site "Madrid ESP"]
[Date "2015.11.15"]
[Round "8.8"]
[White "Bustos Bernardo, Samuel"]
[Black "Padin Lazaro, Jose Manuel"]
[Result "1-0"]
[WhiteElo "1964"]
[BlackElo "1906"]
[PlyCount "45"]
[EventDate "2015.10.04"]
[EventType "swiss"]
[EventRounds "9"]
[EventCountry "ESP"]
[Source "lmi"]
[SourceDate "2015.10.04"]

1. Nf3 d5 2. d4 e6 3. c4 c5 4. cxd5 exd5 5. g3 Nc6 6. Bg2 Nf6 7. Nc3 Be7 8. O-O
O-O 9. Bg5 c4 10. Ne5 Be6 11. f4 h6 12. Bh4 Ng4 13. Bxe7 Nxe7 14. Nxg4 Bxg4 15.
h3 Be6 16. g4 g6 17. e3 Qd7 18. Qf3 Rad8 19. Rad1 Kg7 20. e4 dxe4 21. Qxe4 f5
22. Qe5+ Kh7 23. Rfe1 1-0

[Event "25. Torneo San Viator 2015"]
[Site "Madrid ESP"]
[Date "2015.11.15"]
[Round "8.9"]
[White "Lopez De Turiso, Jose Angel"]
[Black "Cardena Contreras, Javier"]
[Result "0-1"]
[WhiteElo "2014"]
[BlackElo "1892"]
[PlyCount "82"]
[EventDate "2015.10.04"]
[EventType "swiss"]
[EventRounds "9"]
[EventCountry "ESP"]
[Source "lmi"]
[SourceDate "2015.10.04"]

1. d4 d5 2. c4 Nc6 3. Nc3 dxc4 4. d5 Ne5 5. Bf4 Ng6 6. Bg3 e5 7. e4 Nf6 8. Bxc4
Bd6 9. Bb5+ Bd7 10. Qa4 a6 11. Bxd7+ Nxd7 12. Nf3 O-O 13. h4 h5 14. Qd1 Nf6 15.
Ng5 Qe7 16. Qd2 Rac8 17. O-O-O c5 18. dxc6 Rxc6 19. Kb1 Bb4 20. Nd5 Nxd5 21.
Qxd5 Rb6 22. Qd7 Qc5 23. Rd5 Qc4 24. Rc1 Bc3 25. Rd2 Qb4 26. Rxc3 Qxc3 27. Rc2
Qe1+ 28. Rc1 Qb4 29. Rc2 Rd6 30. Qc7 Qe1+ 31. Rc1 Rd1 32. Nf3 Rxc1+ 33. Qxc1
Qxe4+ 34. Ka1 Rd8 35. a3 Qe2 36. Ka2 Qd3 37. Qc7 Qd5+ 38. Ka1 a5 39. Nxe5 Nxe5
40. Bxe5 a4 41. Qc3 Qxg2 0-1

[Event "25. Torneo San Viator 2015"]
[Site "Madrid ESP"]
[Date "2015.11.15"]
[Round "8.10"]
[White "Soto Martin, Miguel"]
[Black "Soto Martin, Pablo"]
[Result "0-1"]
[WhiteElo "1881"]
[BlackElo "1956"]
[PlyCount "68"]
[EventDate "2015.10.04"]
[EventType "swiss"]
[EventRounds "9"]
[EventCountry "ESP"]
[Source "lmi"]
[SourceDate "2015.10.04"]

1. d4 Nf6 2. Nf3 e6 3. g3 c5 4. c3 d5 5. Bg2 Nc6 6. O-O Be7 7. Bg5 O-O 8. Nbd2
b6 9. Re1 Bb7 10. Ne5 Rc8 11. e4 Nxe4 12. Bxe7 Nxe7 13. Nxe4 dxe4 14. Bxe4 Bxe4
15. Rxe4 Nf5 16. dxc5 Rxc5 17. Nf3 Rd5 18. Qa4 Qc7 19. Rc4 Qb7 20. Qc6 Qa6 21.
b3 Rfd8 22. g4 Ne7 23. Qa4 Qb7 24. Rd4 Rxd4 25. Nxd4 e5 26. Nb5 Ng6 27. Qxa7
Qf3 28. Qxb6 Qxg4+ 29. Kf1 Rd1+ 30. Rxd1 Qxd1+ 31. Kg2 Nf4+ 32. Kg3 Qg1+ 33.
Kf3 Qg2+ 34. Ke3 Nd5+ 0-1

[Event "25. Torneo San Viator 2015"]
[Site "Madrid ESP"]
[Date "2015.11.15"]
[Round "8.11"]
[White "Garcia Galeote, Lorenzo"]
[Black "Barahona Torrijos, Angel"]
[Result "1-0"]
[WhiteElo "1906"]
[BlackElo "1812"]
[PlyCount "102"]
[EventDate "2015.10.04"]
[EventType "swiss"]
[EventRounds "9"]
[EventCountry "ESP"]
[Source "lmi"]
[SourceDate "2015.10.04"]

1. c4 e6 2. Nc3 d5 3. cxd5 exd5 4. d4 c5 5. Nf3 Nc6 6. Bf4 c4 7. g3 Bb4 8. Bg2
Nge7 9. O-O O-O 10. a3 Bd6 11. Qd2 Bf5 12. Nh4 Be6 13. Rad1 Bxf4 14. Qxf4 Ng6
15. Nxg6 fxg6 16. Qd2 Qd7 17. e4 Ne7 18. Qe2 dxe4 19. Qxe4 Bf5 20. Qe5 Nc6 21.
Qd5+ Be6 22. Qxd7 Bxd7 23. Bd5+ Kh8 24. Bxc4 Rae8 25. d5 Ne5 26. Be2 g5 27. Kg2
g4 28. Bb5 Bxb5 29. Nxb5 Nf3 30. Nd4 Re5 31. Nxf3 gxf3+ 32. Kg1 Kg8 33. Rd3 Rd8
34. Rfd1 g5 35. g4 Re4 36. h3 Rf4 37. Rd4 Kf7 38. Kh2 Rc8 39. Rxf4+ gxf4 40.
Rd4 Rc2 41. Rxf4+ Ke7 42. Rb4 b6 43. Kg3 Rd2 44. Kxf3 Rxd5 45. Ke3 Rd1 46. Kf4
Rh1 47. Re4+ Kd6 48. Re3 Rb1 49. Re2 Rh1 50. Kg3 Rg1+ 51. Kh2 Rc1 1-0